00344nam a2200145Ia 4500003000900000008004100009040001300050040001300063100001800076245006600094250001000160260001400170300000800184490000600192IT-RoPAU120407s9999 xx 000 0 und d aIT-RoPAU cIT-RoPAU aFosco Maraini aParopamiso. Nella terra dei Kafiri dove 4 mondi si incontrano aBari  aDe Donato c cm v1